000 00683nam a2200205 a 4500
001 000035776
005 20240530073921.0
008 111110s2011 dr 000 f spa d
020 _a9789945473704
040 _aDO-SdBNP
_bspa
_cBNPHU
082 _aRD863.5
_bG643h
100 1 _aGonzález Castellano, Expedito
_961722
245 1 3 _aLa hija de la ramera /
_cExpedito González Castellano.
260 _aSanto Domingo :
_bSantuario,
_c2011.
500 _aIncluye datos biográficos del autor en la solapa de la cubierta.
590 _aInventarido, 2019/BT
650 0 _aNovela dominicana
_9223
650 0 _aLiteratura dominicana.
_967
910 _aValidado. Control de calidad EMS
999 _c35267
_d35267